[Event "GER-chT U20 Girls"]
[Site "Stuttgart"]
[Date "2007.12.28"]
[Round "3.4"]
[White "Jentsch, Corinna"]
[Black "Schultheiss, Vera"]
[Result "0-1"]
[WhiteElo "966"]
[BlackElo "1339"]
[PlyCount "84"]
[EventDate "2007.12.27"]
[EventType "team-swiss"]
[EventRounds "7"]
[EventCountry "GER"]
[SourceTitle "EXT 2009"]
[Source "ChessBase"]
[SourceDate "2008.11.26"]
[SourceVersion "1"]
[SourceVersionDate "2008.11.26"]
[SourceQuality "1"]
[WhiteTeam "Fritzdorf Gruen Weiss U20 Girls"]
[BlackTeam "Rossdorf SC Ladja U20 Girls"]
[WhiteTeamCountry "GER"]
[BlackTeamCountry "GER"]

1. e4 e5 2. Nf3 Nc6 3. Bc4 h6 4. d3 Bc5 5. 0-0 d6 6. c3 Bg4 7. Nbd2 Nf6 8. Nb3 Bb6 9. Bd5 Qd7 10. d4 exd4 11. cxd4 Nxd5 12. exd5 Ne7 13. Qe2 0-0 14. h3 Bxf3 15. Qxf3 Rfe8 16. Re1 Qb5 17. Qg3 Ng6 18. Be3 Qxd5 19. Qf3 Qxf3 20. gxf3 Re7 21. a4 a6 22. Rac1 Rae8 23. a5 Ba7 24. Kg2 Nh4+ 25. Kg3 Nf5+ 26. Kf4 g6 27. Rcd1 Kg7 28. Kg4 Kf6 29. h4 Nxe3+ 30. fxe3 Rxe3 31. Rxe3 Rxe3 32. Nc1 Re7 33. b3 b6 34. b4 Re3 35. d5 Rc3 36. Ne2 Rc4+ 37. Rd4 Rxd4+ 38. Nxd4 bxa5 39. Nc6 a4 40. Na5 a3 41. Nb3 Bf2 42. f4 a2 0-1

[Event "GER-ch U14 Girls"]
[Site "Willingen"]
[Date "2006.06.07"]
[Round "7"]
[White "Schultheiss, Vera"]
[Black "Nguyen Minh, Thuy"]
[Result "0-1"]
[WhiteElo "1370"]
[BlackElo "1527"]
[PlyCount "102"]
[EventDate "2006.06.03"]
[EventType "swiss"]
[EventRounds "9"]
[EventCountry "GER"]
[SourceTitle "EXT 2007"]
[Source "ChessBase"]
[SourceDate "2006.11.23"]
[SourceVersion "1"]
[SourceVersionDate "2006.11.23"]
[SourceQuality "1"]

1. e4 c5 2. Nf3 Nc6 3. d4 cxd4 4. Nxd4 g6 5. Nc3 Bg7 6. Be3 d6 7. Qd2 a6 8. 0-0-0 Bd7 9. Kb1 Rc8 10. Be2 Ne5 11. h4 h5 12. f3 Nc4 13. Bxc4 Rxc4 14. b3 Rc8 15. Rdg1 Nf6 16. Nd5 Nxd5 17. exd5 b5 18. Ne2 Bf5 19. Rc1 Qc7 20. Bd4 Bh6 21. f4 0-0 22. Ng3 Bg4 23. Nf1 e5 24. dxe6 fxe6 25. g3 e5 26. Be3 exf4 27. gxf4 Bg7 28. Nh2 Bf5 29. Nf3 Be4 30. Rhf1 Bc3 31. Qe2 Bxf3 32. Rxf3 Qg7 33. Bd2 Rfe8 34. Bxc3 Rxe2 35. Bxg7 Kxg7 36. Rd3 Rd8 37. Rg1 Kh7 38. Rg5 Rf2 39. Rd4 d5 40. Re5 Rf8 41. Rdxd5 R2xf4 42. Re6 R8f6 43. Rdd6 Rxe6 44. Rxe6 Rxh4 45. Rxa6 Rf4 46. Rd6 h4 47. Rd2 h3 48. Rh2 Rh4 49. a4 bxa4 50. bxa4 g5 51. Kc1 g4 0-1

[Event "GER-ch U14 Girls"]
[Site "Willingen"]
[Date "2006.06.05"]
[Round "4"]
[White "Frey, Alisa"]
[Black "Schultheiss, Vera"]
[Result "1-0"]
[WhiteElo "1877"]
[BlackElo "1370"]
[PlyCount "61"]
[EventDate "2006.06.03"]
[EventType "swiss"]
[EventRounds "9"]
[EventCountry "GER"]
[SourceTitle "EXT 2007"]
[Source "ChessBase"]
[SourceDate "2006.11.23"]
[SourceVersion "1"]
[SourceVersionDate "2006.11.23"]
[SourceQuality "1"]

1. e4 e5 2. f4 d6 3. Nf3 Bg4 4. h3 Bxf3 5. Qxf3 Nc6 6. Bb5 Nge7 7. 0-0 f6 8. Nc3 a6 9. Ba4 b5 10. Bb3 Nd4 11. Qh5+ g6 12. Qh4 Bg7 13. d3 c6 14. Be3 b4 15. Bxd4 exd4 16. Ne2 c5 17. Ba4+ Kf7 18. Bb3+ Ke8 19. Be6 Nc6 20. Qg4 Qe7 21. Bd5 Qc7 22. e5 f5 23. Qf3 Rc8 24. exd6 Qxd6 25. Rae1 Kd8 26. Nc1 Ne7 27. Bc4 a5 28. Re6 Qc7 29. Rfe1 Re8 30. Bb5 Bf8 31. Qd5+ 1-0

[Event "Hessen-ch U14/18 Girls"]
[Site "Bad Homburg"]
[Date "2005.??.??"]
[Round "5"]
[White "Krause, Jennifer"]
[Black "Schultheiss, Vera"]
[Result "1/2-1/2"]
[WhiteElo "893"]
[BlackElo "1107"]
[PlyCount "86"]
[EventDate "2005.04.??"]
[EventType "swiss"]
[EventRounds "8"]
[EventCountry "GER"]
[SourceTitle "EXT 2007"]
[Source "ChessBase"]
[SourceDate "2006.11.23"]
[SourceVersion "1"]
[SourceVersionDate "2006.11.23"]
[SourceQuality "1"]

1. e4 e6 2. d4 d5 3. e5 c5 4. Nf3 Nc6 5. Be3 cxd4 6. Bxd4 Nxd4 7. Qxd4 Bd7 8. Nc3 f6 9. g4 fxe5 10. Nxe5 a6 11. Nxd5 exd5 12. Qxd5 Qe7 13. 0-0-0 Nf6 14. Qd4 Rd8 15. Bh3 g5 16. Rhe1 Be6 17. Qa4+ b5 18. Rxd8+ Kxd8 19. Nc6+ Kd7 20. Qxa6 Qd6 21. Qxb5 Qxc6 22. Qxc6+ Kxc6 23. Rxe6+ Bd6 24. Rxf6 Re8 25. c3 Kd5 26. Kc2 Bxh2 27. Rf5+ Kc6 28. Rxg5 Bf4 29. Rh5 Re2+ 30. Kb3 Rxf2 31. Rxh7 Bc1 32. Rg7 Rxb2+ 33. Kc4 Rxa2 34. Rg6+ Kd7 35. Kd5 Rd2+ 36. Ke4 Bb2 37. g5+ Ke7 38. Re6+ Kf8 39. Rc6 Re2+ 40. Kf5 Re3 41. Rf6+ Ke8 42. Re6+ Rxe6 43. Kxe6 Bxc3 1/2-1/2

[Event "GER-ch U12"]
[Site "Willingen"]
[Date "2003.06.13"]
[Round "10"]
[White "Wisheckel, Lena"]
[Black "Schultheiss, Vera"]
[Result "1/2-1/2"]
[WhiteElo "1242"]
[BlackElo "1046"]
[PlyCount "139"]
[EventDate "2003.06.08"]
[EventType "swiss"]
[EventRounds "11"]
[EventCountry "GER"]
[SourceTitle "CBM 094 Extra"]
[Source "ChessBase"]
[SourceDate "2003.07.09"]
[SourceVersion "2"]
[SourceVersionDate "2003.07.09"]
[SourceQuality "1"]

1. e4 e5 2. Nf3 Nc6 3. Bc4 Bc5 4. d3 Nf6 5. Bg5 d6 6. h3 Nd4 7. Nc3 c6 8. a3 b5 9. Ba2 b4 10. Na4 Qa5 11. Nxc5 Qxc5 12. 0-0 Qxc2 13. Qxc2 Nxc2 14. Rac1 Nd4 15. Nxd4 exd4 16. Rxc6 bxa3 17. bxa3 Kd7 18. Rc4 Rb8 19. Rb1 Rxb1+ 20. Bxb1 d5 21. Rxd4 Bb7 22. Ba2 Kd6 23. Bxf6 gxf6 24. Bxd5 Bxd5 25. Rxd5+ Ke6 26. Kf1 Rb8 27. Ra5 Rb3 28. Ke2 Rb2+ 29. Ke3 Rb1 30. Rxa7 Re1+ 31. Kf3 Rd1 32. Kf4 Rxd3 33. a4 Rd4 34. a5 Ra4 35. f3 f5 36. Ra6+ Ke7 37. Kxf5 Rb4 38. Rb6 Ra4 39. a6 Ra5+ 40. Kf4 Kf8 41. g4 Kg7 42. h4 h6 43. h5 Kh7 44. Rf6 Kg7 45. e5 Ra4+ 46. Kf5 Ra5 47. f4 Ra4 48. g5 hxg5 49. Kxg5 Ra5 50. h6+ Kg8 51. Rd6 Kh7 52. Kg4 Kh8 53. e6 fxe6 54. Rxe6 Kh7 55. f5 Ra1 56. Kf4 Rf1+ 57. Ke5 Re1+ 58. Kd6 Rf1 59. Ke7 Rc1 60. Ke8 Rc8+ 61. Kf7 Rc7+ 62. Kf8 Rc8+ 63. Re8 Rc6 64. Re7+ Kh8 65. a7 Ra6 66. Kf7 Kh7 67. Ke8+ Kh8 68. f6 Rxf6 69. a8Q Rf8+ 70. Kxf8 1/2-1/2

[Event "GER-ch U12"]
[Site "Willingen"]
[Date "2003.06.11"]
[Round "7"]
[White "Schultheiss, Vera"]
[Black "Van Orsouw, Svenja"]
[Result "1/2-1/2"]
[WhiteElo "1046"]
[BlackElo "1311"]
[PlyCount "56"]
[EventDate "2003.06.08"]
[EventType "swiss"]
[EventRounds "11"]
[EventCountry "GER"]
[SourceTitle "CBM 094 Extra"]
[Source "ChessBase"]
[SourceDate "2003.07.09"]
[SourceVersion "2"]
[SourceVersionDate "2003.07.09"]
[SourceQuality "1"]

1. e4 c5 2. Nf3 Nc6 3. Nc3 d6 4. Bc4 e6 5. d3 Nf6 6. Bg5 Be7 7. Bb5 0-0 8. Bxc6 bxc6 9. e5 Nd7 10. Bxe7 Qxe7 11. Qe2 d5 12. d4 c4 13. b3 Nb6 14. 0-0 Ba6 15. Rfb1 Rab8 16. h3 Qb7 17. Qd1 Qc7 18. Nd2 cxb3 19. axb3 Bc8 20. Ra2 f6 21. Nf3 Rb7 22. Rba1 c5 23. Qd2 cxd4 24. Qxd4 Rf7 25. Nb5 Qd7 26. Nd6 fxe5 27. Qxe5 Rxf3 28. Nxb7 Rf5 1/2-1/2

[Event "GER-ch U12"]
[Site "Willingen"]
[Date "2003.06.10"]
[Round "5"]
[White "Demmler, Julia"]
[Black "Schultheiss, Vera"]
[Result "0-1"]
[WhiteElo "1385"]
[BlackElo "1046"]
[PlyCount "116"]
[EventDate "2003.06.08"]
[EventType "swiss"]
[EventRounds "11"]
[EventCountry "GER"]
[SourceTitle "CBM 094 Extra"]
[Source "ChessBase"]
[SourceDate "2003.07.09"]
[SourceVersion "2"]
[SourceVersionDate "2003.07.09"]
[SourceQuality "1"]

1. e4 e5 2. Nf3 Nc6 3. Bc4 Bc5 4. d3 h6 5. Be3 Bxe3 6. fxe3 d6 7. 0-0 Nf6 8. Nc3 0-0 9. d4 Ng4 10. Qd2 Na5 11. Bb3 Nxb3 12. axb3 c5 13. Nd1 Nf6 14. Nc3 Bg4 15. Qd3 Bxf3 16. Rxf3 a6 17. Raf1 cxd4 18. exd4 exd4 19. Qxd4 Ng4 20. h3 Ne5 21. Rf5 Qe7 22. Nd5 Qd8 23. Qf2 f6 24. Qg3 Rf7 25. Nxf6+ Kf8 26. Nh7+ Ke8 27. Rxf7 Nxf7 28. Qxg7 Kd7 29. Qxf7+ Qe7 30. Nf6+ Kd8 31. Qf8+ Qxf8 32. Nh7 Qg7 33. Rf8+ Kc7 34. Rxa8 Qxh7 35. Re8 Qg7 36. c3 Qf7 37. Rh8 Qg7 38. Re8 Qg6 39. Re7+ Kc6 40. e5 dxe5 41. Rxe5 Qf6 42. Rh5 b5 43. b4 Qg6 44. Rc5+ Kb6 45. Kh2 a5 46. Rd5 axb4 47. cxb4 Qe6 48. Rh5 Qd6+ 49. g3 Qd2+ 50. Kg1 Qd1+ 51. Kg2 Qxh5 52. Kg1 Qe2 53. b3 Kc6 54. g4 Kd6 55. g5 hxg5 56. h4 gxh4 57. Kh1 h3 58. Kg1 Qg2# 0-1

[Event "GER-ch U12"]
[Site "Willingen"]
[Date "2003.06.08"]
[Round "1"]
[White "Schultheiss, Vera"]
[Black "Zahn, Benno"]
[Result "0-1"]
[WhiteElo "1046"]
[BlackElo "1529"]
[PlyCount "98"]
[EventDate "2003.06.08"]
[EventType "swiss"]
[EventRounds "11"]
[EventCountry "GER"]
[SourceTitle "CBM 094 Extra"]
[Source "ChessBase"]
[SourceDate "2003.07.09"]
[SourceVersion "2"]
[SourceVersionDate "2003.07.09"]
[SourceQuality "1"]

1. e4 c5 2. Nf3 Nc6 3. Bc4 g6 4. Ng5 e6 5. d3 Bg7 6. 0-0 Nge7 7. Qf3 Ne5 8. Qf4 0-0 9. Nd2 N7c6 10. Qh4 h6 11. Ngf3 Qxh4 12. Nxh4 a6 13. Nhf3 Rd8 14. Nxe5 Nxe5 15. c3 b5 16. Bb3 Nxd3 17. Bc2 Ne5 18. Nb3 d6 19. Rd1 Nc6 20. Bd3 c4 21. Be2 cxb3 22. axb3 Bb7 23. Bf3 Ne5 24. Be2 Bxe4 25. f3 Bc2 26. Rd4 Bxb3 27. Rb4 Bc4 28. Bxc4 Nxc4 29. b3 Bxc3 30. Raa4 bxa4 31. Rxc4 Rdc8 32. Rxa4 Bd4+ 33. Rxd4 Rxc1+ 34. Kf2 d5 35. Rh4 Kg7 36. Rg4 a5 37. h4 h5 38. Rg5 Rc2+ 39. Kg3 f6 40. Rxh5 gxh5 41. Kh3 d4 42. g4 hxg4+ 43. fxg4 d3 44. b4 axb4 45. g5 d2 46. gxf6+ Kxf6 47. h5 d1Q 48. h6 Ra3+ 49. Kh4 Rh2# 0-1